000 00428nam a22001697a 4500
005 20180707140300.0
008 160525b xxu||||| |||| 00| 0 eng d
020 _a81-8318-059-0
041 _aeng
082 _b4931
_a658.15
100 _aGordon & Natrajan
_91252
245 _aFinancial Markets and Services
260 _aNew Delhi
_bAcademic Faundation
_c2005
300 _a421p,
650 _aManagement
_9241
942 _cBK
999 _c1727
_d1726